02158cam a22003135a 45000010009000000050017000090080041000260200016000670200018000830400028001010820023001291000027001522450068001792500012002472600054002593000034003134900078003475000027004255000024004525040031004765201020005076500052015276510010015796530033015896550024016229420023016469990017016699520158016861833515420150816113426.0141015t2014 maua frbd 001 0 eng d a1284031055  a9781284031058 aSCObengcSCOdEG-ScBUE04a363.25968bEAS2221 aEasttom, Chuck.93831110aSystem forensics, investigation, and response /cChuck Easttom. a2nd ed. aBurlington :bJones & Bartlett Learning,cc.2014. axvi, 315 p. :bill. ;c24 cm.1 aJones & Bartlett Learning information systems security & assurance series aGlossary : p. 295-299. aIndex : p. 303-315. aBibliography : p. 301-302. a"Completely revised and rewritten to keep pace with the fast-paced field of Computer Forensics! Computer crimes call for forensics specialists, people who know how to find and follow the evidence. System Forensics, Investigation, and Response, Second Edition begins by examining the fundamentals of system forensics, such as what forensics is, the role of computer forensics specialists, computer forensic evidence, and application of forensic analysis skills. It also gives an overview of computer crimes, forensic methods, and laboratories. It then addresses the tools, techniques, and methods used to perform computer forensics and investigation. Finally, it explores emerging technologies as well as future directions of this interesting and cutting-edge field. New and key features of the Second Edition: Examines the fundamentals of system forensics; Discusses computer crimes and forensic methods; Written in an accessible and engaging style; Incorporates real-world examples and engaging cases."--Publisher. 0a Computer crimesxInvestigation. 9113312BUEsh 2BUEsh bCOMSCIcJune2015cAugust2015 vreading book934232 2ddck363.25968 EAS c19773d19745 00102ddc40708AlahramaMAINbMAINc1STd2015-06-18epurchaseg448.00h319l1m6o363.25968 EASp000038785r2025-07-15 00:00:00s2024-04-22v560.00yBB